[Event "Moscow-ch op Superfinal"]
[Site "Ershovo"]
[Date "2024.02.28"]
[Round "8"]
[White "Yakimenko, Alexander A"]
[Black "Pitirotjirathon, Jirapak"]
[Result "1-0"]
[WhiteElo "2004"]
[BlackElo "2221"]
[PlyCount "89"]
[EventDate "2024.02.23"]
[EventType "swiss"]
[EventRounds "10"]
[EventCountry "RUS"]
[SourceTitle "CB10_2024"]
[SourceDate "2024.03.06"]
[SourceVersion "1"]
[SourceVersionDate "2024.03.06"]
[SourceQuality "1"]

1. e4 e6 2. d4 d5 3. Nc3 Nf6 4. Bg5 Be7 5. e5 Nfd7 6. h4 c5 7. Nb5 f6 8. exf6 Nxf6 9. dxc5 Bxc5 10. Bd3 a6 11. Nc3 0-0 12. Qd2 Nc6 13. 0-0-0 Bb4 14. a3 Ba5 15. Qe2 Bxc3 16. bxc3 b5 17. Nf3 Qd6 18. Kb2 e5 19. Rhe1 Bg4 20. Qd2 Rae8 21. Be2 Be6 22. Bxf6 gxf6 23. Qe3 Rb8 24. Nd2 Qe7 25. Nb3 Rfc8 26. f4 Kh8 27. Qc5 Qg7 28. Qd6 Bg8 29. Nc5 d4 30. Nd7 Rb7 31. Nxf6 dxc3+ 32. Ka1 Nd4 33. Bd3 Rc6 34. Qxe5 Qxf6 35. Be4 Qxe5 36. fxe5 Nxc2+ 37. Bxc2 Re7 38. Re3 a5 39. Rd8 b4 40. axb4 axb4 41. Kb1 Rg7 42. g3 Ra6 43. e6 Rga7 44. Bb3 Kg7 45. Rxg8+ 1-0

[Event "THA-chT op"]
[Site "Bangkok"]
[Date "2020.12.10"]
[Round "2.2"]
[White "Pitirotjirathon, Jirapak"]
[Black "Salvador, Louie"]
[Result "1-0"]
[WhiteElo "2226"]
[BlackElo "2143"]
[PlyCount "75"]
[EventDate "2020.12.10"]
[EventType "team-swiss"]
[EventRounds "9"]
[EventCountry "THA"]
[SourceTitle "CBM 199 Extra"]
[Source "ChessBase"]
[SourceDate "2021.01.31"]
[SourceVersion "1"]
[SourceVersionDate "2021.01.31"]
[SourceQuality "1"]
[WhiteTeam "JCA Anglo"]
[BlackTeam "Big Rook Team"]
[WhiteTeamCountry "THA"]
[BlackTeamCountry "THA"]

1. d4 d5 2. c4 c6 3. Nf3 Nf6 4. Nc3 dxc4 5. a4 Bf5 6. e3 e6 7. Bxc4 Bb4 8. 0-0 0-0 9. Ne5 Nbd7 10. Nxd7 Qxd7 11. Qe2 Bg6 12. Rd1 Rfd8 13. f3 Qe7 14. e4 c5 15. Be3 cxd4 16. Rxd4 Bc5 17. Rxd8+ Rxd8 18. Qf2 Bxe3 19. Qxe3 Qb4 20. Bf1 b6 21. a5 Qxb2 22. Rb1 Qd2 23. Qxd2 Rxd2 24. a6 Kf8 25. Nb5 Rd7 26. Rc1 Ne8 27. Rc8 Ke7 28. Rb8 Nd6 29. e5 Nf5 30. Ra8 Ne3 31. Be2 Rd2 32. Rxa7+ Kd8 33. Ra8+ Kd7 34. a7 Rxe2 35. Rd8+ Kxd8 36. a8Q+ Ke7 37. Qb7+ Ke8 38. Qc8+ 1-0

[Event "Asia-chT blitz 5th"]
[Site "Ashkhabad"]
[Date "2017.09.27"]
[Round "2.2"]
[White "Mollah Abdullah, Al Rakib"]
[Black "Pitirotjirathon, Jirapak"]
[Result "0-1"]
[WhiteElo "2454"]
[BlackElo "2224"]
[PlyCount "130"]
[EventDate "2017.09.27"]
[EventType "team-swiss (blitz)"]
[EventRounds "5"]
[EventCountry "TKM"]
[SourceTitle "EXT 2018"]
[Source "ChessBase"]
[SourceDate "2017.10.13"]
[SourceVersion "1"]
[SourceVersionDate "2017.10.13"]
[SourceQuality "1"]
[WhiteTeam "Bangladesh"]
[BlackTeam "Thailand"]
[WhiteTeamCountry "BAN"]
[BlackTeamCountry "THA"]

1. d4 e6 2. Nf3 f5 3. c4 Nf6 4. Nc3 Bb4 5. Bd2 b6 6. g3 Bb7 7. Bg2 0-0 8. 0-0 Bxc3 9. Bxc3 Ne4 10. Rc1 d6 11. d5 e5 12. Be1 a5 13. Nh4 Nc5 14. f4 e4 15. Bh3 Bc8 16. Bc3 Qe7 17. b3 Nba6 18. Rb1 e3 19. Qd4 Ne4 20. Qxe3 Bd7 21. Bb2 Rae8 22. Qd4 Nb4 23. a3 Na6 24. Rbd1 Nac5 25. Rf3 a4 26. b4 Nb3 27. Qd3 Ned2 28. Rxd2 Nxd2 29. Qxd2 Qxe2 30. Qxe2 Rxe2 31. Rf2 Re1+ 32. Kg2 g6 33. Nf3 Rd1 34. Re2 Re8 35. Rxe8+ Bxe8 36. Kf2 Rd3 37. Bf1 Rb3 38. Bc1 Rb1 39. Bd2 Rb3 40. Bc1 Rb1 41. Bd2 Ra1 42. Nd4 Rxa3 43. Ne6 Ra2 44. Ke3 a3 45. Nxc7 Rxd2 46. Kxd2 a2 47. Nxe8 a1Q 48. Bd3 Qb2+ 49. Ke3 Qxb4 50. Nf6+ Kf7 51. Nxh7 Qc5+ 52. Ke2 Qg1 53. Ng5+ Kf6 54. Nf3 Qg2+ 55. Ke3 Qb2 56. Nd4 Qxh2 57. Ne2 Qg2 58. Bc2 Kg7 59. Bd3 Kh6 60. Bc2 Kh5 61. Bd1 Kh6 62. Ba4 Qe4+ 63. Kf2 Qxc4 64. Bc6 b5 65. Ng1 b4 0-1

[Event "Asian-ch Indoor Games qual Men Rapid"]
[Site "Bangkok"]
[Date "2017.05.20"]
[Round "2.1"]
[White "Pitirotjirathon, Jirapak"]
[Black "Nunbhakdi, Tawin Matthew"]
[Result "1/2-1/2"]
[WhiteElo "2278"]
[BlackElo "1885"]
[PlyCount "168"]
[EventDate "2017.05.20"]
[EventType "swiss (rapid)"]
[EventRounds "9"]
[EventCountry "THA"]
[SourceTitle "EXT 2024"]
[Source "ChessBase"]
[SourceDate "2023.10.10"]
[SourceVersion "1"]
[SourceVersionDate "2023.10.10"]
[SourceQuality "1"]

1. Nf3 Nf6 2. c4 b6 3. g3 Bb7 4. Bg2 c5 5. 0-0 g6 6. Nc3 Bg7 7. Re1 0-0 8. e4 Nc6 9. d3 d6 10. h3 Qc7 11. Be3 a6 12. Qd2 e5 13. Rab1 Nd4 14. Kh2 Ne8 15. b4 f5 16. Bxd4 cxd4 17. Nd5 Bxd5 18. cxd5 fxe4 19. dxe4 Qd7 20. Rbc1 Nc7 21. Rc6 Rab8 22. a4 Rfc8 23. Rec1 Ne8 24. Bf1 Rxc6 25. Rxc6 Nf6 26. Bd3 b5 27. a5 Ra8 28. Qc2 Ne8 29. Kg2 Bf6 30. Qe2 Bd8 31. Rxa6 Rxa6 32. Bxb5 Qb7 33. Bxa6 Qxb4 34. Bc8 Qxa5 35. Be6+ Kg7 36. Qc4 Qc7 37. Qa4 Kf8 38. h4 h6 39. h5 g5 40. Bf5 Ng7 41. Bg6 Qa5 42. Qd1 Qc3 43. Ne1 Ne8 44. Qg4 Nf6 45. Qe6 Qc7 46. Nd3 Qd7 47. f3 Qxe6 48. dxe6 Ke7 49. Bf7 Ne8 50. Bxe8 Kxe8 51. Nf2 Bf6 52. g4 Bg7 53. Nh1 Ke7 54. Ng3 Bf8 55. Kf2 Kxe6 56. Ke2 d5 57. Kd3 dxe4+ 58. Kxe4 Bg7 59. Ne2 Bf8 60. Nc1 Be7 61. Nd3 Bd6 62. Nf2 Bf8 63. Kd3 Kd5 64. Ne4 Be7 65. Ng3 Bd6 66. Ne4 Be7 67. Nd2 Bf8 68. Nc4 Bc5 69. Nd2 Bf8 70. Kc2 Bb4 71. Ne4 Be7 72. Kd3 Bd8 73. Ng3 Be7 74. Nf5 Bf8 75. Ng3 Bc5 76. Ne4 Be7 77. Nd2 Bf8 78. Nc4 Bc5 79. Na5 Bf8 80. Nc4 Bc5 81. Nd2 Bf8 82. Ne4 Be7 83. Ng3 Bd6 84. Nf5 Bf8 1/2-1/2

[Event "Olympiad-42"]
[Site "Baku"]
[Date "2016.09.12"]
[Round "10.4"]
[White "Pitirotjirathon, Jirapak"]
[Black "Pazos Gambarrotti, Plinio Efrain"]
[Result "1/2-1/2"]
[WhiteElo "2205"]
[BlackElo "2239"]
[PlyCount "98"]
[EventDate "2016.09.02"]
[EventType "team-swiss"]
[EventRounds "11"]
[EventCountry "AZE"]
[SourceTitle "CBM 175"]
[Source "ChessBase"]
[SourceDate "2016.11.10"]
[SourceVersion "1"]
[SourceVersionDate "2016.11.10"]
[SourceQuality "1"]
[WhiteTeam "Thailand"]
[BlackTeam "Ecuador"]
[WhiteTeamCountry "THA"]
[BlackTeamCountry "ECU"]

1. d4 Nf6 2. c4 e6 3. Nc3 Bb4 4. Qc2 c5 5. dxc5 Bxc5 6. Nf3 a6 7. e3 Be7 8. Be2 d6 9. 0-0 Nbd7 10. b3 Qc7 11. Bb2 0-0 12. Rac1 b6 13. Ng5 Bb7 14. Bf3 Bxf3 15. Nxf3 Rac8 16. Qe2 Nc5 17. Rfd1 Qb7 18. Nd4 Rfd8 19. f3 Ncd7 20. e4 Bf8 21. Re1 Ne5 22. Kh1 Ng6 23. Rcd1 Re8 24. Qf1 Be7 25. f4 Nf8 26. Qf3 Rc5 27. Ba3 Rc7 28. e5 dxe5 29. Qxb7 Rxb7 30. Bxe7 Rbxe7 31. fxe5 Ng4 32. Kg1 Rd7 33. h3 Nh6 34. Nc6 Rc7 35. Nb4 a5 36. Nb5 Rcc8 37. Nc2 Red8 38. Rd6 Nf5 39. Rxb6 Rd2 40. Ne3 Rxa2 41. Nxf5 exf5 42. Nc3 Rb2 43. Nd5 Re8 44. Rb5 Ne6 45. Ra1 h5 46. Rbxa5 Rxb3 47. Ra8 Rxa8 48. Rxa8+ Kh7 49. Ra7 Rb1+ 1/2-1/2

[Event "Olympiad-42"]
[Site "Baku"]
[Date "2016.09.03"]
[Round "2.4"]
[White "Pitirotjirathon, Jirapak"]
[Black "Nitzborn, Max Baron"]
[Result "1-0"]
[WhiteElo "2205"]
[BlackElo "1970"]
[PlyCount "75"]
[EventDate "2016.09.02"]
[EventType "team-swiss"]
[EventRounds "11"]
[EventCountry "AZE"]
[SourceTitle "CBM 175"]
[Source "ChessBase"]
[SourceDate "2016.11.10"]
[SourceVersion "1"]
[SourceVersionDate "2016.11.10"]
[SourceQuality "1"]
[WhiteTeam "Thailand"]
[BlackTeam "Namibia"]
[WhiteTeamCountry "THA"]
[BlackTeamCountry "NAM"]

1. d4 Nf6 2. c4 b6 3. Nc3 e6 4. e4 Bb4 5. Bd3 Bb7 6. Qe2 d6 7. f4 Nbd7 8. Nf3 c5 9. d5 Bxc3+ 10. bxc3 e5 11. 0-0 0-0 12. fxe5 dxe5 13. Bg5 h6 14. Bh4 Qc7 15. Nd2 Qd6 16. Rf2 Nh7 17. Nf1 Ndf6 18. Ne3 Bc8 19. Raf1 g5 20. Bg3 Bd7 21. h4 Kh8 22. hxg5 hxg5 23. Nf5 Bxf5 24. Rxf5 Rae8 25. Qf3 Kg7 26. Be1 Qe7 27. Bd2 Ng8 28. Qh3 f6 29. Kf2 Rf7 30. Be2 Rd8 31. Bh5 Nh6 32. Rf3 Rff8 33. Ke2 Qd7 34. Qh2 Kh8 35. Bg6 Qg7 36. Qh5 Ng8 37. Rh1 Rd7 38. Rfh3 1-0

[Event "THA-chT"]
[Site "Bangkok"]
[Date "2015.12.04"]
[Round "2.1"]
[White "Pitirotjirathon, Jirapak"]
[Black "Kasetchol, Sathit"]
[Result "1-0"]
[WhiteElo "2216"]
[BlackElo "2023"]
[PlyCount "80"]
[EventDate "2015.12.04"]
[EventType "team-swiss"]
[EventRounds "9"]
[EventCountry "THA"]
[SourceTitle "EXT 2017"]
[Source "ChessBase"]
[SourceDate "2016.10.25"]
[SourceVersion "1"]
[SourceVersionDate "2016.10.25"]
[SourceQuality "1"]
[WhiteTeam "Chonburi JCA II"]
[BlackTeam "Bangapi Surprise"]
[WhiteTeamCountry "THA"]
[BlackTeamCountry "THA"]

1. d4 d5 2. Nf3 c6 3. c4 e6 4. e3 Bd6 5. Nbd2 f5 6. Bd3 Nf6 7. b3 0-0 8. Bb2 Ne4 9. 0-0 Nd7 10. Ne5 Bxe5 11. dxe5 Ndc5 12. Nf3 a5 13. Be2 a4 14. b4 a3 15. Bd4 Na4 16. Qb3 b6 17. Rac1 g5 18. Rfd1 g4 19. Nd2 Qh4 20. Nxe4 fxe4 21. g3 Qg5 22. cxd5 Qf5 23. Rf1 cxd5 24. Rc7 Nb2 25. Bxb2 axb2 26. Qxb2 Rb8 27. Bb5 Bb7 28. Qd4 Ba8 29. Re7 Rf7 30. Rxf7 Qxf7 31. a4 Qc7 32. Qd1 Qg7 33. Be2 h5 34. h3 Qxe5 35. hxg4 Rd8 36. Qd4 Qxd4 37. exd4 Kf7 38. Re1 e5 39. dxe5 Ke6 40. gxh5 Kxe5 1-0

[Event "Bangkok op 14th"]
[Site "Bangkok"]
[Date "2014.04.14"]
[Round "4"]
[White "Pitirotjirathon, Jirapak"]
[Black "Xu, Xiangyu"]
[Result "1/2-1/2"]
[WhiteElo "2274"]
[BlackElo "2101"]
[PlyCount "81"]
[EventDate "2014.04.12"]
[EventType "swiss"]
[EventRounds "9"]
[EventCountry "THA"]
[SourceTitle "CBM 159 Extra"]
[Source "ChessBase"]
[SourceDate "2014.04.24"]
[SourceVersion "1"]
[SourceVersionDate "2014.04.24"]
[SourceQuality "1"]

1. d4 f5 2. Nf3 Nf6 3. g3 g6 4. b3 Bg7 5. Bb2 0-0 6. Bg2 d6 7. 0-0 c6 8. Nbd2 Re8 9. c4 Nbd7 10. Qc2 e5 11. dxe5 dxe5 12. e4 Nc5 13. Nxe5 Nfxe4 14. Rad1 Qb6 15. Nef3 Bxb2 16. Qxb2 Nd3 17. Qd4 Qxd4 18. Nxd4 Nc3 19. Ra1 f4 20. Nb1 Nxb1 21. Raxb1 Rd8 22. Nf3 Bf5 23. Ra1 a5 24. h3 Nb4 25. gxf4 Bc2 26. Rfc1 a4 27. Ne1 axb3 28. axb3 Rxa1 29. Rxa1 Bxb3 30. Rb1 Rd1 31. Rxb3 Rxe1+ 32. Kh2 c5 33. Bxb7 Rc1 34. Bd5+ Kg7 35. Kg2 Rd1 36. Kf3 g5 37. Ra3 Nxd5 38. cxd5 Kf6 39. Ra7 Rd3+ 40. Ke4 Rd4+ 41. Kf3 1/2-1/2

[Event "Bangkok op 14th"]
[Site "Bangkok"]
[Date "2014.04.13"]
[Round "2"]
[White "Pitirotjirathon, Jirapak"]
[Black "Kulpruethanon, Thanadon"]
[Result "1-0"]
[WhiteElo "2274"]
[BlackElo "2113"]
[PlyCount "57"]
[EventDate "2014.04.12"]
[EventType "swiss"]
[EventRounds "9"]
[EventCountry "THA"]
[SourceTitle "CBM 159 Extra"]
[Source "ChessBase"]
[SourceDate "2014.04.24"]
[SourceVersion "1"]
[SourceVersionDate "2014.04.24"]
[SourceQuality "1"]

1. d4 Nf6 2. c4 c5 3. d5 e5 4. Nc3 d6 5. e4 Be7 6. Nf3 Nbd7 7. Be2 Nf8 8. h4 h6 9. g3 Ng6 10. Nd2 0-0 11. Nf1 a6 12. a4 b6 13. Ne3 Bd7 14. Qc2 Rb8 15. Nf5 Ne8 16. Be3 Bf6 17. Qd2 Kh7 18. Bd3 Rh8 19. Rb1 a5 20. b3 Kg8 21. Kd1 h5 22. Kc2 Nf8 23. Rbf1 g6 24. Nh6+ Kg7 25. f4 Rxh6 26. fxe5 Rh8 27. exf6+ Nxf6 28. Bg5 N8h7 29. Rxf6 1-0

[Event "Olympiad-40"]
[Site "Istanbul"]
[Date "2012.09.03"]
[Round "6.3"]
[White "Arias, Daniel1111"]
[Black "Pitirotjirathon, Jirapak"]
[Result "0-1"]
[WhiteElo "2081"]
[BlackElo "2270"]
[PlyCount "66"]
[EventDate "2012.08.28"]
[EventType "team-swiss"]
[EventRounds "11"]
[EventCountry "TUR"]
[SourceTitle "CBM 151"]
[Source "ChessBase"]
[SourceDate "2012.11.13"]
[SourceVersion "1"]
[SourceVersionDate "2012.11.13"]
[SourceQuality "1"]
[WhiteTeam "El Salvador"]
[BlackTeam "Thailand"]
[WhiteTeamCountry "ESA"]
[BlackTeamCountry "THA"]

1. e4 e6 2. d3 d5 3. Nd2 Ne7 4. Ngf3 c5 5. g3 Nbc6 6. Bg2 g6 7. 0-0 Bg7 8. Re1 0-0 9. e5 Qc7 10. Qe2 g5 11. h3 Ng6 12. Nb3 h6 13. Nxc5 Ncxe5 14. Nxe5 Qxe5 15. Qxe5 Nxe5 16. Rb1 b6 17. Nb3 Ba6 18. f4 gxf4 19. Bxf4 Ng6 20. Be3 Rac8 21. Re2 Ne7 22. Bf2 Rc7 23. Rd2 Be5 24. Nd4 Kh7 25. Re1 Bd6 26. Re3 e5 27. Nf3 f6 28. Nh4 d4 29. Re1 Bb4 30. Ree2 Bxd2 31. Rxd2 Rfc8 32. Be4+ Kg7 33. b3 Rc3 0-1

[Event "Thailand op 11th"]
[Site "Pattaya"]
[Date "2011.04.13"]
[Round "4"]
[White "Stokke, Kjetil"]
[Black "Pitirotjirathon, Jirapak"]
[Result "0-1"]
[WhiteElo "2407"]
[BlackElo "2278"]
[PlyCount "62"]
[EventDate "2011.04.11"]
[EventType "swiss"]
[EventRounds "9"]
[EventCountry "THA"]
[SourceTitle "CBM 141 Extra"]
[Source "ChessBase"]
[SourceDate "2011.05.03"]
[SourceVersion "1"]
[SourceVersionDate "2011.05.03"]
[SourceQuality "1"]

1. Nf3 d5 2. g3 Nf6 3. Bg2 c6 4. c4 e6 5. 0-0 Nbd7 6. d4 dxc4 7. Qc2 b5 8. b3 cxb3 9. axb3 Bb7 10. Nc3 a6 11. e4 c5 12. d5 e5 13. Nh4 g6 14. f4 Bg7 15. f5 0-0 16. Bf3 Ne8 17. Ng2 Nd6 18. g4 Rc8 19. Be2 b4 20. Na4 Nb5 21. Bc4 Nd4 22. Qf2 Nf6 23. Bg5 Qd6 24. Bxf6 Bxf6 25. h4 gxf5 26. exf5 e4 27. Ne3 Nf3+ 28. Kh1 Bxh4 29. Qe2 Bg5 30. Rg1 Bxe3 31. g5 Qf4 0-1

[Event "Ho Chi Minh City HD Bank op 1st"]
[Site "Ho Chi Minh City"]
[Date "2011.01.05"]
[Round "3"]
[White "Phan, Dinh Nhat Khanh"]
[Black "Pitirotjirathon, Jirapak"]
[Result "1/2-1/2"]
[WhiteElo "1985"]
[BlackElo "2310"]
[PlyCount "70"]
[EventDate "2011.01.04"]
[EventType "swiss"]
[EventRounds "9"]
[EventCountry "VIE"]
[SourceTitle "CBM 140 Extra"]
[Source "ChessBase"]
[SourceDate "2011.03.01"]
[SourceVersion "1"]
[SourceVersionDate "2011.03.01"]
[SourceQuality "1"]

1. e4 e6 2. d4 d5 3. Nd2 c5 4. c3 Nc6 5. exd5 exd5 6. Ndf3 Qb6 7. Qb3 Qxb3 8. axb3 cxd4 9. Nxd4 Nxd4 10. cxd4 Nf6 11. Nf3 Bd6 12. Bd3 0-0 13. 0-0 Ne4 14. Re1 Be6 15. Nd2 Nf6 16. Nf3 a6 17. Ne5 Bc7 18. Bd2 Bb6 19. Bc3 Rfc8 20. f4 Ne4 21. Bxe4 dxe4 22. Rxe4 Bxb3 23. Nd7 Bc7 24. g3 Bd5 25. Re3 Re8 26. Rae1 Rxe3 27. Rxe3 a5 28. Nc5 b6 29. Re7 Bd6 30. Rd7 Bxc5 31. dxc5 Be6 32. Rd6 bxc5 33. Bxa5 h6 34. Bc3 Ra1+ 35. Kg2 c4 1/2-1/2